000 00430nmm a2200157Ia 4500
008 251105s9999||||xx |||||||||||||||||und||
020 _a9789876990035
041 _aspa
100 _aRabih, Andrea
245 0 _aObra completa
264 _a[Buenos Aires, Argentina] :
_bEduvim,
_c2012
300 _a338 páginas
650 _aLatin American narrative
856 _uhttps://public.digitaliapublishing.com/a/30599
942 _cCF
999 _c97566
_d97566